000 00419nam a2200109Ia 4500
008 220216s9999 xx 000 0 und d
100 _aElton G V
245 0 _aCement bonded rubberwood panels used for low income housing and other applications
260 _bProceedings: Global Forum on Investment Opportunities in the Indian Rubberwood Industry, Cochin, 19-21 March 1996; p185-190
650 _aRubberwood
942 _cJS
999 _c55258
_d55258